|
|
|
|
| LEADER |
00902nam a2200241 i 4500 |
| 001 |
c000249805 |
| 003 |
CARM |
| 005 |
00000000000000.0 |
| 008 |
840410s1954 enk 0 eng d |
| 019 |
1 |
|
|a 9242838
|z 42727360
|5 LACONCORD2021
|
| 035 |
|
|
|a (OCoLC)221279403
|5 LACONCORD2021
|
| 082 |
0 |
4 |
|a 291.82
|
| 100 |
1 |
|
|a Bouquet, Alan Coates,
|d 1884-
|
| 245 |
1 |
0 |
|a Sacred books of the world.
|
| 260 |
|
|
|a London :
|b Penguin Books,
|c [1954].
|
| 300 |
|
|
|a 343 p.
|
| 440 |
|
0 |
|a Pelican books ;
|v A283
|
| 500 |
|
|
|a A companion source-book to [the author's] Comparative religion.
|
| 650 |
|
0 |
|a Sacred books.
|
| 700 |
1 |
|
|a Bouquet, Alan Coates,
|d 1884-
|t Comparative religion.
|
| 852 |
8 |
|
|b CARM
|h A2:AP23A0
|i A04073
|p 0325041
|f BK
|
| 999 |
f |
f |
|i be73dad6-1f5b-5d03-9c94-8802c4261d22
|s a24f78dc-7207-55fc-847f-47af3a43fa60
|
| 952 |
f |
f |
|p Can circulate
|a CAVAL
|b CAVAL
|c CAVAL
|d CARM 1 Store
|e A04073
|f A2:AP23A0
|h Other scheme
|i book
|m 0325041
|